[Event "HUN-chT2 Maroczy 0607"]
[Site "Hungary"]
[Date "2007.04.15"]
[Round "8"]
[White "Marko, Arpad"]
[Black "Radnai, Tamas"]
[Result "1-0"]
[WhiteElo "1977"]
[BlackElo "2054"]
[PlyCount "59"]
[EventDate "2006.11.12"]
[EventType "team"]
[EventRounds "11"]
[EventCountry "HUN"]
[SourceTitle "EXT 2008"]
[Source "ChessBase"]
[SourceDate "2007.11.25"]
[SourceVersion "1"]
[SourceVersionDate "2007.11.25"]
[SourceQuality "1"]
[WhiteTeam "Kazincbarcika"]
[BlackTeam "Dunaharaszti"]
[WhiteTeamCountry "HUN"]
[BlackTeamCountry "HUN"]

1. e4 e6 2. Qe2 d5 3. exd5 Qxd5 4. Nc3 Qd8 5. g3 Nf6 6. Bg2 Be7 7. Nf3 0-0 8. 0-0 c6 9. d3 b6 10. Re1 Nd5 11. Ne4 c5 12. Ne5 a6 13. c4 Nc7 14. Qh5 Ra7 15. Ng5 Bxg5 16. Bxg5 f6 17. Be4 g6 18. Nxg6 fxg5 19. Nxf8 Kxf8 20. Qh6+ Ke8 21. Qxh7 Qe7 22. Qg8+ Kd7 23. Rad1 Ne8 24. d4 cxd4 25. Rxd4+ Kc7 26. Red1 Nd7 27. Bg2 Kb8 28. Bh3 Nc5 29. Rd8 Rd7 30. R1xd7 1-0

[Event "HUN-chT2 Maroczy 0506"]
[Site "Hungary"]
[Date "2006.02.26"]
[Round "8"]
[White "Marko, Arpad"]
[Black "Kiss, Emese"]
[Result "0-1"]
[WhiteElo "2011"]
[BlackElo "2089"]
[PlyCount "92"]
[EventDate "2005.10.16"]
[EventType "team"]
[EventRounds "11"]
[EventCountry "HUN"]
[SourceTitle "EXT 2009"]
[Source "ChessBase"]
[SourceDate "2008.11.26"]
[SourceVersion "1"]
[SourceVersionDate "2008.11.26"]
[SourceQuality "1"]
[WhiteTeam "Kazincbarcika"]
[BlackTeam "Penzugyor"]
[WhiteTeamCountry "HUN"]
[BlackTeamCountry "HUN"]

1. e4 c5 2. Nf3 d6 3. Bb5+ Bd7 4. Bxd7+ Qxd7 5. 0-0 Nc6 6. b3 Nf6 7. Re1 g6 8. Bb2 Bg7 9. c4 0-0 10. Nc3 Ng4 11. Na4 Bxb2 12. Nxb2 Nge5 13. Na4 b6 14. Nc3 e6 15. h3 Qe7 16. Nxe5 dxe5 17. a3 Rad8 18. d3 Rd4 19. Re3 Rfd8 20. Qc2 Qh4 21. Rae1 Kg7 22. Rg3 Ne7 23. Rf3 Ng8 24. Ree3 Nf6 25. Qb2 Nh5 26. Nb5 Nf4 27. Nxd4 exd4 28. Rg3 e5 29. Re1 h5 30. b4 Qe7 31. bxc5 h4 32. Rf3 Qg5 33. g4 Nxh3+ 34. Kh2 Nf4 35. Rg1 bxc5 36. Qb7 a5 37. Qc7 Rh8 38. Qxc5 Ne2 39. Rg2 h3 40. Rgg3 Nxg3 41. Rxg3 Qf4 42. f3 Qd2+ 43. Kh1 Qd1+ 44. Rg1 Qxf3+ 45. Kh2 Qf4+ 46. Kh1 h2 0-1

[Event "HUN-chT2 Maroczy 0506"]
[Site "Hungary"]
[Date "2005.11.13"]
[Round "3"]
[White "Marko, Arpad"]
[Black "Simai, Mate"]
[Result "1/2-1/2"]
[WhiteElo "2011"]
[BlackElo "1768"]
[PlyCount "98"]
[EventDate "2005.10.16"]
[EventType "team"]
[EventRounds "11"]
[EventCountry "HUN"]
[SourceTitle "EXT 2009"]
[Source "ChessBase"]
[SourceDate "2008.11.26"]
[SourceVersion "1"]
[SourceVersionDate "2008.11.26"]
[SourceQuality "1"]
[WhiteTeam "Kazincbarcika"]
[BlackTeam "Sarospatak"]
[WhiteTeamCountry "HUN"]
[BlackTeamCountry "HUN"]

1. e4 c5 2. Nf3 e6 3. d4 cxd4 4. Nxd4 a6 5. Be2 Nf6 6. Bf3 Qc7 7. 0-0 Be7 8. a4 d6 9. Be3 Nbd7 10. Nb3 Ne5 11. Nc3 Nc4 12. Qc1 e5 13. Be2 Be6 14. Bxc4 Bxc4 15. Re1 d5 16. exd5 Nxd5 17. Nxd5 Bxd5 18. Bc5 0-0 19. Bxe7 Qxe7 20. Qe3 Rfe8 21. Rad1 Bc6 22. a5 Rad8 23. Nc5 Rxd1 24. Rxd1 Rd8 25. Re1 Rd5 26. b4 Qh4 27. c3 Qg4 28. f3 Qc4 29. g3 f6 30. Re2 Rd1+ 31. Kf2 Qd5 32. Qe4 Qxe4 33. Nxe4 Bb5 34. Rd2 Rxd2+ 35. Nxd2 f5 36. h4 Kf7 37. c4 Bc6 38. Ke3 Ke6 39. Nb3 h6 40. f4 g6 41. fxe5 Kxe5 42. Nd4 Be4 43. Nb3 g5 44. Nc5 Bc6 45. hxg5 hxg5 46. Nd3+ Ke6 47. Kd4 Kd6 48. Ne5 Be8 49. Nd3 Bc6 1/2-1/2

[Event "HUN-chT2 Barcza 0405"]
[Site "Hungary"]
[Date "2005.04.10"]
[Round "10"]
[White "Filep, Ferenc"]
[Black "Marko, Arpad"]
[Result "1/2-1/2"]
[WhiteElo "1740"]
[BlackElo "2126"]
[PlyCount "53"]
[EventDate "2004.09.26"]
[EventType "team"]
[EventRounds "11"]
[EventCountry "HUN"]
[SourceTitle "EXT 2009"]
[Source "ChessBase"]
[SourceDate "2008.11.26"]
[SourceVersion "1"]
[SourceVersionDate "2008.11.26"]
[SourceQuality "1"]
[WhiteTeam "DEAC"]
[BlackTeam "Kazincbarcika"]
[WhiteTeamCountry "HUN"]
[BlackTeamCountry "HUN"]

1. e4 e5 2. Nf3 Nf6 3. Nc3 Bb4 4. Nxe5 Bxc3 5. dxc3 Qe7 6. Nf3 Qxe4+ 7. Be3 0-0 8. Bd3 Qg4 9. 0-0 d6 10. Bg5 Nc6 11. Bxf6 gxf6 12. Nd4 Kh8 13. Qxg4 Bxg4 14. Rfe1 Ne5 15. Bf5 Rg8 16. Bxg4 Rxg4 17. Re3 Rag8 18. Rg3 a6 19. b3 h5 20. Rxg4 Rxg4 21. h3 Rg8 22. Kf1 Rd8 23. Rd1 Kh7 24. f4 Ng6 25. Ne2 Re8 26. Kf2 h4 27. Kf3 1/2-1/2